000 00663nam a2200229Ia 4500
003 OSt
005 20220923222352.0
006 a|||||r|||| 00| 0
007 ta
008 220922b |||||||| |||| 00| 0 hin d
024 _a204,681
037 _cTextual
040 _aARTS
_cARTS
_bhin
041 _2hin
_ahin
082 _aO157:3M61:25, 152J1;2(=)
100 _aठाकुर, रवीन्द्रनाथ
245 0 _aशेष वाणी
246 _aSheṣh vāṇī
260 _c1951
942 _hO157:3M61:25, 152J1;2(=)
_cTEXL
_2CC
999 _c355429
_d355429